000 00650cam a2200205 4500500
005 20260329002424.0
041 _afre
042 _adc
100 1 0 _aDuru, Martin
_eauthor
245 0 0 _aPierre-Henri Castel. « L’idéal du sage stoïcien me semble d’une tristesse infinie »
260 _c2012.
500 _a33
690 _aPsychanalyse
690 _aSagesse
690 _aSouffrance
690 _aStoïcien
690 _aThérapie
786 0 _nPhilosophie magazine | 59 | 5 | 2012-05-01 | p. 40-40 | 1951-1787
856 4 1 _uhttps://shs.cairn.info/magazine-philosophie-magazine-2012-5-page-40?lang=fr&redirect-ssocas=7080
999 _c1814774
_d1814774